Personnalités au hasard #43 - Statistiques

Statistiques générales
  • Ce quiz a été pris 175 fois
  • Le résultat moyen est 10 sur 32
Statistiques - réponses
Par images Réponse % Correct
Gad Elmaleh
94%
André Bouchet
86%
Jim Carrey
85%
Mariah Carey
70%
Lionel Jospin
58%
Ben Stiller
57%
Kameto
57%
Mattéo Guendouzi
57%
Zack Nani
51%
Rami Malek
50%
Bono
48%
Mark Wahlberg
45%
Whitney Houston
45%
Richard Anconina
41%
Dominique Farrugia
39%
Boy George
20%
Lou Bega
17%
Yanis Marshall
15%
Akhenaton
10%
Hermann Göring
10%
Aaliyah
8%
Loïc Prigent
8%
Tony Shalhoub
8%
Bobby Shmurda
3%
Nelly
3%
Pierpoljak
3%
Shania Twain
3%
Jamal Khashoggi
2%
Claude Sautet
1%
Noor de Jordanie
1%
Sisqó
1%
Tom Conti
1%
Aucun quiz correspondant
Distribution des résultats
% des personnes avec chaque résultat
Percentile par nombre de réponses
Votre historique - résultats
Vous n’avez pas pris ce quiz